Výsledky štvrťročných zisťovaní za podniky dopravy, poštu a telekomunikácie za 1.-3. štvrťrok 2002

Uložené v:
Podrobná bibliografia
Médium: Kniha
Jazyk:Slovak
English
Vydavateľské údaje: Bratislava Štatistický úrad Slovenskej republiky 2003
Edícia:Vnútorný obchod a služby
Tagy: Pridať tag
Žiadne tagy, Buďte prvý, kto otaguje tento záznam!

MARC

LEADER 00000nam a2200000 4500
001 c141637
005 20260219075353.2
041 0 |a slo 
041 0 |a eng 
044 |a SK 
245 1 0 |a Výsledky štvrťročných zisťovaní za podniky dopravy, poštu a telekomunikácie za 1.-3. štvrťrok 2002 
264 1 |a Bratislava  |b Štatistický úrad Slovenskej republiky  |c 2003 
300 |a 33 s. 
490 1 |a Vnútorný obchod a služby 
830 0 |a Vnútorný obchod a služby